Statistiken für Die 10 reichsten Länder Afrikas

Klicken Sie hier um das Quiz zu spielen!

Allgemein

  • Dieses Quiz wurde 456 mal gespielt
  • Das Durchschnittsergebnis liegt bei 8 aus 10

Antwortstatistiken

BIP in $Länder% Korrekt
346 M $Südafrika
98%
263 M $Ägypten
97%
119 M $Marokko
97%
263 M $Algerien
90%
463 M $Nigeria
86%
89 M $Kenia
72%
89 M $Ghana
67%
89 M $Tansania
67%
91 M $Angola
62%
89 M $Äthiopien
60%

Verteilung der Resultate

Perzentil nach korrekt beantworteten Fragen

Anzahl Personen mit jedem Resultat

Ihre Resultats-Entwicklung

Sie haben dieses Quiz noch nicht gespielt